00621nam a2200181Ia 4500008004100000082001700041100001200058245005200070250000800122260002500130300000800155500002400163650001600187942000700203952010600210952010600316999001700422230524s9999 xx 000 0 und d a621.382bGOP aR.Gopal 0aProblems and Solutions in Communication Systems a1ST aNEW DELHIbCBSc2004 a269 aQuantity Number: 2 aElectronics cBK 00104070aTATCLbTATCLcGENd2023-05-24l0o621.382 GOPp6219r2023-05-24w2023-05-24yBKzCPEC5404 00104070aTATCLbTATCLcGENd2023-05-24l0o621.382 GOPp6348r2023-05-24w2023-05-24yBKzCPEC5404 c21359d21359